| 000 | 01362cam a22003131i 4500 | ||
|---|---|---|---|
| 003 | SA-RiAUC | ||
| 005 | 20241218081838.0 | ||
| 008 | 241218s1998 le g b 00010 ara c | ||
| 040 |
_aLB-ChIUL _bara _cSA-RiAUC _erda |
||
| 043 | _af-ua--- | ||
| 082 | 0 | 4 | _a346.6 |
| 090 |
_a346.6 _bس ن هـ |
||
| 100 | 1 |
_aالسنهوري، عبد الرزاق بن أحمد السنهوري، _cباشا، _d1895-1971 _eمؤلف. |
|
| 245 | 1 | 2 |
_aالوسيط في شرح القانون المدني الجديد. _cعبد الرزاق أحمد السنهوري. |
| 246 | 3 | 0 | _aنظرية الالتزام بوجه عام : مصادر الالتزام |
| 246 | 3 | 0 | _aشرح القانون المدني الجديد |
| 250 | _aالطبعة الثالثة. | ||
| 264 | 1 |
_aبيروت : _bمنشورات الحلبي الحقوقية، _c1998 |
|
| 300 |
_aمجلد ؛ _c24 سم |
||
| 336 |
_aنص _btxt _2rdacontent _3كتاب |
||
| 337 |
_aبدون وسيط _bn _2rdamedia |
||
| 338 |
_aمجلد _bnc _2rdacarrier |
||
| 500 | _aمضاف في حواشيها ما جد بعد الطبعة الأولى من فقه وقضاء. | ||
| 504 | _aيشتمل على إرجاعات ببليوجرافية. | ||
| 650 | 7 |
_aالالتزامات _zمصر _2aucsh |
|
| 650 | 7 |
_aالقانون المدني _zمصر _2aucsh |
|
| 942 |
_2ddc _cBOOK |
||
| 949 |
_aSA-JeALM _d241218 _ukhaled123 _n1 |
||
| 999 |
_c3626 _d3626 |
||